[Event "Sachsen-Anhalt Landesliga-A 1920"]
[Site "Sachsen Anhalt"]
[Date "2020.03.01"]
[Round "7.1"]
[White "Fahsel, Nico"]
[Black "Heutling, Elina"]
[Result "0-1"]
[WhiteElo "1842"]
[BlackElo "1860"]
[PlyCount "74"]
[EventDate "2019.09.29"]
[EventType "team-tourn"]
[EventRounds "9"]
[EventCountry "GER"]
[SourceTitle "EXT 2023"]
[Source "ChessBase"]
[SourceDate "2022.10.05"]
[SourceVersion "1"]
[SourceVersionDate "2022.10.05"]
[SourceQuality "1"]
[WhiteTeam "Magdeburg USC III"]
[BlackTeam "Magdeburg Aufbau Elbe III"]
[WhiteTeamCountry "GER"]
[BlackTeamCountry "GER"]

1. d4 Nf6 2. Nf3 g6 3. c4 c5 4. d5 b5 5. b3 Bg7 6. Bb2 0-0 7. e3 d6 8. Be2 bxc4 9. bxc4 Nbd7 10. 0-0 Rb8 11. Bc3 Nb6 12. Nbd2 Bd7 13. a4 Qe8 14. a5 Na4 15. Rxa4 Bxa4 16. Qa1 Nh5 17. e4 Bxc3 18. Qxc3 Nf4 19. Re1 Nxe2+ 20. Rxe2 f6 21. h4 Rb4 22. h5 g5 23. h6 Qg6 24. e5 fxe5 25. Nxe5 dxe5 26. Rxe5 Qf6 27. Qe3 Qf4 28. Rxg5+ Kh8 29. Qxe7 Qxf2+ 30. Kh1 Qh4+ 31. Kg1 Qxh6 32. Rh5 Qg7 33. Qxc5 Rg8 34. Rh2 Qe5 35. Qf2 Qa1+ 36. Nf1 Rxc4 37. Qxa7 Qd4+ 0-1

[Event "Sachsen-Anhalt Landesliga-A 1920"]
[Site "Sachsen Anhalt"]
[Date "2019.12.08"]
[Round "4.1"]
[White "Schiffner, Kevin"]
[Black "Fahsel, Nico"]
[Result "1-0"]
[WhiteElo "2018"]
[BlackElo "1842"]
[PlyCount "61"]
[EventDate "2019.09.29"]
[EventType "team-tourn"]
[EventRounds "9"]
[EventCountry "GER"]
[SourceTitle "EXT 2023"]
[Source "ChessBase"]
[SourceDate "2022.10.05"]
[SourceVersion "1"]
[SourceVersionDate "2022.10.05"]
[SourceQuality "1"]
[WhiteTeam "Dahlenwarsleben"]
[BlackTeam "Magdeburg USC III"]
[WhiteTeamCountry "GER"]
[BlackTeamCountry "GER"]

1. d4 Nf6 2. c4 g6 3. Nc3 Bg7 4. e4 d6 5. f3 Nbd7 6. Nh3 c5 7. d5 a6 8. Be3 Rb8 9. Qd2 h5 10. Be2 Qa5 11. a4 Ne5 12. Nf2 Qb4 13. 0-0 Nxc4 14. Bxc4 Qxc4 15. Nd3 Qb3 16. a5 Nd7 17. Rfc1 c4 18. Ra3 Bxc3 19. Rxc3 Qb5 20. Qc2 0-0 21. Rxc4 Ne5 22. Nxe5 dxe5 23. Bb6 e6 24. Rac3 Qe8 25. Bc5 exd5 26. exd5 Bf5 27. Qd2 Qb5 28. Bxf8 Rxf8 29. Rc5 Qb4 30. d6 Rd8 31. Rxe5 1-0

[Event "Sachsen-Anhalt Verbandsliga 1920"]
[Site "Sachsen Anhalt"]
[Date "2019.09.29"]
[Round "1.6"]
[White "Frotscher, Thomas"]
[Black "Fahsel, Nico"]
[Result "1-0"]
[WhiteElo "2018"]
[BlackElo "1842"]
[PlyCount "119"]
[EventDate "2019.09.29"]
[EventType "team-tourn"]
[EventRounds "9"]
[EventCountry "GER"]
[SourceTitle "EXT 2023"]
[Source "ChessBase"]
[SourceDate "2022.10.05"]
[SourceVersion "1"]
[SourceVersionDate "2022.10.05"]
[SourceQuality "1"]
[WhiteTeam "Magdeburg SC Norbertus"]
[BlackTeam "Magdeburg USC"]
[WhiteTeamCountry "GER"]
[BlackTeamCountry "GER"]

1. c4 g6 2. Nc3 Bg7 3. g3 Nf6 4. Bg2 d6 5. d3 0-0 6. e4 e5 7. Nge2 Nfd7 8. 0-0 Nc5 9. f4 exf4 10. Bxf4 Nbd7 11. d4 Ne6 12. Be3 a5 13. Qd2 Rb8 14. Rad1 b6 15. b3 Bb7 16. Nf4 Qe8 17. Nb5 Rc8 18. Rfe1 h5 19. h3 Kh7 20. Qc2 Nxf4 21. gxf4 Qe6 22. e5 d5 23. cxd5 Bxd5 24. f5 gxf5 25. Bxd5 Qxd5 26. Qxf5+ Kg8 27. Nc3 Qc6 28. Rc1 Qg6+ 29. Qxg6 fxg6 30. Nd5 Kh7 31. Nxc7 Rf3 32. Ne6 Rxe3 33. Rxc8 Rxe1+ 34. Kf2 Rd1 35. Rc7 Nf8 36. Nxf8+ Kg8 37. Ne6 Bh6 38. Rb7 Rd2+ 39. Kf3 Rd3+ 40. Ke4 Rxh3 41. Rxb6 Re3+ 42. Kd5 h4 43. Ng5 h3 44. Rxg6+ Bg7 45. Nxh3 Rxh3 46. Ra6 Rh6 47. Rxa5 Bf8 48. Ra7 Bb4 49. Kc4 Rb6 50. a3 Bd2 51. b4 Kf8 52. b5 Be3 53. a4 Rb8 54. Ra6 Ke7 55. d5 Rc8+ 56. Kd3 Bc5 57. Rc6 Rxc6 58. bxc6 Ba3 59. a5 Bc1 60. Ke4 1-0

[Event "Blankenburg op-A 18th"]
[Site "Blankenburg"]
[Date "2013.10.04"]
[Round "3"]
[White "Fahsel, Nico"]
[Black "Homburg, David"]
[Result "0-1"]
[WhiteElo "1766"]
[BlackElo "2021"]
[PlyCount "38"]
[EventDate "2013.10.03"]
[EventType "swiss"]
[EventRounds "7"]
[EventCountry "GER"]
[SourceTitle "EXT 2015"]
[Source "ChessBase"]
[SourceDate "2014.11.20"]
[SourceVersion "1"]
[SourceVersionDate "2014.11.20"]
[SourceQuality "1"]

1. e4 c5 2. c3 d5 3. e5 e6 4. d4 Nc6 5. Nf3 Qb6 6. Be2 Nge7 7. b3 Nf5 8. Be3 cxd4 9. Nxd4 Ncxd4 10. cxd4 Bb4+ 11. Kf1 Nxe3+ 12. fxe3 f6 13. Bd3 0-0 14. Qh5 fxe5+ 15. Kg1 e4 16. Be2 Qc7 17. h4 Qc1+ 18. Kh2 Bd6+ 19. g3 Rf2+ 0-1

[Event "Blankenburg op-A 18th"]
[Site "Blankenburg"]
[Date "2013.10.04"]
[Round "4"]
[White "Kalliwoda, Enrico"]
[Black "Fahsel, Nico"]
[Result "0-1"]
[WhiteElo "1873"]
[BlackElo "1766"]
[PlyCount "58"]
[EventDate "2013.10.03"]
[EventType "swiss"]
[EventRounds "7"]
[EventCountry "GER"]
[SourceTitle "EXT 2015"]
[Source "ChessBase"]
[SourceDate "2014.11.20"]
[SourceVersion "1"]
[SourceVersionDate "2014.11.20"]
[SourceQuality "1"]

1. e4 e5 2. Nf3 Nc6 3. Bb5 a6 4. Ba4 d6 5. c3 Nf6 6. 0-0 Be7 7. Re1 Bg4 8. d3 d5 9. Nbd2 b5 10. exd5 Qxd5 11. Bc2 0-0 12. b3 Rad8 13. Bb2 Nd7 14. d4 f5 15. c4 bxc4 16. bxc4 Qd6 17. c5 Qf6 18. d5 Nd4 19. Bxd4 exd4 20. Re6 Qf7 21. h3 Bxf3 22. Nxf3 Nxc5 23. Nxd4 Rxd5 24. Rc6 Kh8 25. Rxc7 Qf6 26. Qe1 Bd6 27. Rc6 Rxd4 28. Rb1 Bh2+ 29. Kxh2 Qxc6 0-1

[Event "Blankenburg op-A 18th"]
[Site "Blankenburg"]
[Date "2013.10.03"]
[Round "2"]
[White "Michael, Dirk"]
[Black "Fahsel, Nico"]
[Result "0-1"]
[WhiteElo "2095"]
[BlackElo "1766"]
[PlyCount "67"]
[EventDate "2013.10.03"]
[EventType "swiss"]
[EventRounds "7"]
[EventCountry "GER"]
[SourceTitle "EXT 2015"]
[Source "ChessBase"]
[SourceDate "2014.11.20"]
[SourceVersion "1"]
[SourceVersionDate "2014.11.20"]
[SourceQuality "1"]

1. c4 e6 2. Nf3 d5 3. e3 Nf6 4. b3 Bd6 5. Be2 Nbd7 6. Bb2 0-0 7. d3 c5 8. Nbd2 b6 9. Qc2 Qc7 10. Rc1 Bb7 11. cxd5 Nxd5 12. d4 f5 13. Qb1 Rae8 14. Qa1 e5 15. dxc5 Nxc5 16. Nc4 e4 17. Nfe5 f4 18. Bd4 Nb4 19. Nxd6 Qxd6 20. Bc4+ Bd5 21. a3 Nbd3+ 22. Nxd3 Nxd3+ 23. Bxd3 exd3 24. Qc3 fxe3 25. Bxe3 Bxg2 26. Rg1 Qxh2 27. Qc4+ Kh8 28. Kd2 Rxe3 29. Kxe3 Qh3+ 30. Kd2 Rxf2+ 31. Kc3 d2+ 32. Kb4 dxc1Q 33. Rxc1 a5+ 34. Ka4 0-1

[Event "GER-chT U14"]
[Site "Magdeburg"]
[Date "2012.12.29"]
[Round "6.3"]
[White "Wiemann, Niklas"]
[Black "Fahsel, Nico"]
[Result "0-1"]
[WhiteElo "1452"]
[BlackElo "1499"]
[PlyCount "128"]
[EventDate "2012.12.27"]
[EventType "team-swiss"]
[EventRounds "7"]
[EventCountry "GER"]
[SourceTitle "EXT 2014"]
[Source "ChessBase"]
[SourceDate "2013.11.20"]
[SourceVersion "1"]
[SourceVersionDate "2013.11.20"]
[SourceQuality "1"]
[WhiteTeam "Kiel Doppelbauer"]
[BlackTeam "Magdeburg USC"]
[WhiteTeamCountry "GER"]
[BlackTeamCountry "GER"]

1. d4 d5 2. Nf3 Nf6 3. c4 c6 4. cxd5 cxd5 5. Nc3 e6 6. Bg5 Be7 7. e3 a6 8. Bd3 0-0 9. 0-0 Nbd7 10. Rc1 h6 11. Bh4 b5 12. Bg3 Bb7 13. a3 Rc8 14. b4 Ne4 15. Bxe4 dxe4 16. Nd2 f5 17. Ne2 g5 18. f3 Nf6 19. Be5 exf3 20. Nxf3 g4 21. Ne1 Rxc1 22. Qxc1 Bd6 23. Bf4 Kh7 24. Nd3 Ne4 25. Nc5 Bxc5 26. bxc5 Qd5 27. Be5 Ng3 28. Rf2 Nxe2+ 29. Rxe2 Qe4 30. Qe1 Qd3 31. Kf1 Bf3 32. gxf3 gxf3 33. c6 Rg8 34. Bg3 Qxe2+ 35. Qxe2 fxe2+ 36. Kxe2 Kg6 37. Kd3 Kf7 38. Kc3 a5 39. d5 exd5 40. Kd4 Ke6 41. Kc5 b4 42. axb4 axb4 43. Kxb4 Rg4+ 44. Kc5 Rc4+ 45. Kb6 Ke7 46. Kb7 h5 47. c7 Kd7 48. Kb6 Rc3 49. Bf4 Rc4 50. Be5 Re4 51. Kb7 Rb4+ 52. Ka6 Kc8 53. Bg3 Rb7 54. Ka5 Rxc7 55. Kb5 Rc4 56. Bf4 Kd7 57. Bg3 Ke6 58. Bf4 h4 59. Bb8 Kf7 60. Be5 Kg6 61. Bd6 Kh5 62. h3 Kg5 63. Be5 Re4 64. Bd4 Rxd4 0-1

[Event "GER-chT U14"]
[Site "Magdeburg"]
[Date "2012.12.28"]
[Round "4.3"]
[White "Erlekam, Simon"]
[Black "Fahsel, Nico"]
[Result "1-0"]
[WhiteElo "1659"]
[BlackElo "1499"]
[PlyCount "36"]
[EventDate "2012.12.27"]
[EventType "team-swiss"]
[EventRounds "7"]
[EventCountry "GER"]
[SourceTitle "EXT 2014"]
[Source "ChessBase"]
[SourceDate "2013.11.20"]
[SourceVersion "1"]
[SourceVersionDate "2013.11.20"]
[SourceQuality "1"]
[WhiteTeam "Gau Algesheim"]
[BlackTeam "Magdeburg USC"]
[WhiteTeamCountry "GER"]
[BlackTeamCountry "GER"]

1. e4 c5 2. Nf3 Nc6 3. d4 cxd4 4. Nxd4 g6 5. Nc3 Bg7 6. Be3 d6 7. Be2 Nf6 8. Qd2 Bd7 9. 0-0-0 a6 10. h4 h5 11. f4 Bg4 12. f5 Qc8 13. Bxg4 Nxg4 14. Nd5 Nxe3 15. Qxe3 Nb4 16. Kb1 Bxd4 17. Qxd4 Qxc2+ 18. Ka1 Qxd1+ 1-0

[Event "GER-chT Nord-Ost U20 U20 1112"]
[Site "Germany"]
[Date "2012.05.12"]
[Round "8"]
[White "Engers, Felix"]
[Black "Fahsel, Nico"]
[Result "1/2-1/2"]
[WhiteElo "1519"]
[BlackElo "1578"]
[PlyCount "60"]
[EventDate "2011.09.24"]
[EventType "team-tourn"]
[EventRounds "9"]
[EventCountry "GER"]
[SourceTitle "EXT 2015"]
[Source "ChessBase"]
[SourceDate "2014.11.20"]
[SourceVersion "1"]
[SourceVersionDate "2014.11.20"]
[SourceQuality "1"]

1. e4 c5 2. c3 d6 3. d4 cxd4 4. cxd4 Nf6 5. Nc3 g6 6. Nf3 Bg7 7. Bc4 0-0 8. 0-0 a6 9. h3 b5 10. Bd3 Nfd7 11. b4 Nc6 12. Be2 Nxb4 13. a4 bxa4 14. Qxa4 Qb6 15. Rb1 a5 16. Nd5 Qa7 17. Nxe7+ Kh8 18. Be3 Nb6 19. Nxc8 Nxa4 20. Nxa7 Nc3 21. Rb2 Nxe2+ 22. Rxe2 Rxa7 23. d5 Ra6 24. Bd4 Bxd4 25. Nxd4 Rc8 26. Ra1 Rc4 27. Nb5 Rc5 28. Nd4 Rc4 29. Nb5 Rc5 30. Nd4 Rc4 1/2-1/2

[Event "GER-chT Nord-Ost U20 U20 1112"]
[Site "Germany"]
[Date "2011.11.12"]
[Round "3.3"]
[White "Fahsel, Nico"]
[Black "Scheinhuette, Jakob"]
[Result "1/2-1/2"]
[WhiteElo "1578"]
[BlackElo "1631"]
[PlyCount "106"]
[EventDate "2011.09.24"]
[EventType "team-tourn"]
[EventRounds "9"]
[EventCountry "GER"]
[SourceTitle "EXT 2015"]
[Source "ChessBase"]
[SourceDate "2014.11.20"]
[SourceVersion "1"]
[SourceVersionDate "2014.11.20"]
[SourceQuality "1"]

1. d4 e6 2. Nf3 Nf6 3. Bg5 Be7 4. e3 b6 5. Nbd2 Bb7 6. Bd3 d6 7. 0-0 0-0 8. c3 c5 9. Qc2 h6 10. Bxf6 Bxf6 11. Ne4 Be7 12. Rad1 f5 13. Ng3 Qe8 14. Qe2 Bf6 15. Bb5 Qf7 16. dxc5 dxc5 17. Nxf5 Qg6 18. Nd6 Bd5 19. e4 Bc6 20. Bc4 Be7 21. Ne5 Qf6 22. Nxc6 Nxc6 23. Qg4 Kh7 24. Qxe6 Qxe6 25. Bxe6 Rf6 26. Bd7 Bxd6 27. Bxc6 Bxh2+ 28. Kxh2 Rxc6 29. Rd7 Re6 30. Re1 Rae8 31. Rxa7 Rxe4 32. Rxe4 Rxe4 33. Rb7 Re6 34. Kg3 Kg6 35. Kg4 Kf6 36. f4 g6 37. Kf3 g5 38. a4 Kg6 39. g4 gxf4 40. Kxf4 Kf6 41. a5 bxa5 42. Rb5 c4 43. Rxa5 Rb6 44. Ra4 Rxb2 45. Rxc4 Rf2+ 46. Kg3 Rd2 47. Rc8 Kg5 48. c4 Rd3+ 49. Kf2 Kxg4 50. c5 Rc3 51. c6 Kf5 52. c7 Ke6 53. Re8+ Kd7 1/2-1/2

[Event "GER-chT Nord-Ost U20 U20 1112"]
[Site "Germany"]
[Date "2011.11.05"]
[Round "2.3"]
[White "Pallas, Sebastian"]
[Black "Fahsel, Nico"]
[Result "1/2-1/2"]
[WhiteElo "1798"]
[BlackElo "1578"]
[PlyCount "91"]
[EventDate "2011.09.24"]
[EventType "team-tourn"]
[EventRounds "9"]
[EventCountry "GER"]
[SourceTitle "EXT 2015"]
[Source "ChessBase"]
[SourceDate "2014.11.20"]
[SourceVersion "1"]
[SourceVersionDate "2014.11.20"]
[SourceQuality "1"]

1. e4 c5 2. Nf3 Nc6 3. d4 cxd4 4. Nxd4 Nf6 5. Nc3 d6 6. Bc4 g6 7. Bb3 Bg7 8. Nxc6 bxc6 9. f3 Bd7 10. Be3 0-0 11. Qd2 a5 12. Bh6 c5 13. Bxg7 Kxg7 14. Rd1 Qb6 15. a4 Rac8 16. Bc4 Qb4 17. b3 Be6 18. Bxe6 fxe6 19. Nb5 d5 20. exd5 exd5 21. 0-0 Qxd2 22. Rxd2 d4 23. Na3 Nd5 24. Nc4 Ra8 25. Re1 Kf6 26. Rde2 Ra6 27. g3 e6 28. f4 Nb4 29. Ne5 Rd8 30. Rd1 Rd5 31. Kf1 Rad6 32. Nc4 Ra6 33. Red2 h5 34. Ke2 Na2 35. Re1 Nc3+ 36. Kd3 Kf5 37. Re5+ Kf6 38. Rf2 Na2 39. Kd2 Nb4 40. Rf3 Nc6 41. Re2 Ra7 42. Ne5 Nb4 43. Nd3 Nc6 44. Ne5 Nb4 45. Nd3 Nc6 46. Ne5 1/2-1/2